• 首页
  • 本馆介绍
  • 公告通知
  • 最新文献
  • 馆藏检索
  • 电子资源
  • 读者导购
  • 参考咨询
  • 我的图书馆
  • 登录
  • 详细信息显示
  • 放入我的书架
  • 预约/预借图书
  • 作者相关作品
  • 分类相关作品
  • 丛书相关作品
  • 出版社相关作品

书目信息

  • 表格格式
  • 工作单格式
  • 卡片格式
题名:
新疆达斡尔族语言现状与发展趋势
    
 
作者: 丁石庆 主编
分册:  
出版信息: 沈阳   辽宁民族出版社  2015
页数: 1490页,16页图版
开本: 25cm
丛书名:
单 册:
中图分类: H222
科图分类:
主题词: 达斡尔语--研究--新疆
电子资源:
ISBN: 978-7-5497-0986-1
000 00974nam0 2200241 450
001 012001002258
005 20140926114740.0
010    @a978-7-5497-0986-1@dCNY68.00
100    @a20151222d2015 em y0chiy50 ea
101 0  @achi
102    @aCN@b210000
105    @af z 000yy
106    @ar
200 1  @a新疆达斡尔族语言现状与发展趋势@9xin jiang da wo er zu yu yan xian zhuang yu fa zhan qu shi@b专著@f丁石庆主编
210    @a沈阳@c辽宁民族出版社@d2015
215    @a1490页,16页图版@d25cm
300    @a中央民族大学“统筹支持一流大学和一流学科建设过渡性经费”资助
330    @a本书共分七章,内容包括绪论、塔城市阿西尔乡达斡尔族语言使用现状、塔城市其他乡镇达斡尔族语言使用现状、塔城市区达斡尔族语言使用现状、伊犁地区达斡尔族语言使用现状、乌鲁木齐达斡尔族语言使用现状以及新疆达斡尔族语言发展趋势。
606 0  @a达斡尔语@x研究@y新疆
690    @aH222@v5
701  0 @a丁石庆@9ding shi qing@4主编
801  0 @aCN@b上海新华@c20180901
905    @b1160411-5@dH222@e25@f5
    
    新疆达斡尔族语言现状与发展趋势/丁石庆主编.-沈阳:辽宁民族出版社,2015
    1490页,16页图版;25cm
    中央民族大学“统筹支持一流大学和一流学科建设过渡性经费”资助
    
    ISBN 978-7-5497-0986-1:CNY68.00
    本书共分七章,内容包括绪论、塔城市阿西尔乡达斡尔族语言使用现状、塔城市其他乡镇达斡尔族语言使用现状、塔城市区达斡尔族语言使用现状、伊犁地区达斡尔族语言使用现状、乌鲁木齐达斡尔族语言使用现状以及新疆达斡尔族语言发展趋势。
●
相关链接 在E读中查询图书 在五车中查询图书 在当当中查询图书 在豆瓣中查询图书


正题名:新疆达斡尔族语言现状与发展趋势     索取号:H222/25         预约/预借

序号 登录号 条形码 馆藏地/架位号 状态 备注
1 1160411   211604110   第二样本阅览室/ [索取号:H222/25] 在馆    
2 1160412   211604129   第四借阅区/ [索取号:H222/25] 在馆    
3 1160413   211604138   密集书库-文学院/ [索取号:H222/25] 在馆    
4 1160414   211604147   第四借阅区/ [索取号:H222/25] 在馆    
5 1160415   211604156   第四借阅区/ [索取号:H222/25] 在馆    
唐山师范学院图书馆 欢迎您!
大连网信软件有限公司© 版权所有